|
|
|
|
| LEADER |
00000nam a2200000 4500 |
| 005 |
20110923115850.0 |
| 008 |
100324s2007 pe 000 0 spa d |
| 020 |
|
|
|a 978-9972-224-66-9
|
| 035 |
|
|
|a 4884
|
| 040 |
|
|
|a Mpons.
|d UCAR
|d BUS
|d vLex
|
| 080 |
|
|
|a 342.4 (05)
|
| 090 |
|
|
|c 2550
|d 2550
|
| 100 |
1 |
|
|a Pizzorusso, Alessandro.
|
| 245 |
1 |
0 |
|a Justicia, constitucin̤ y pluralismo
|h [Recurso electrn̤ico] /
|c Alessandro Pizzorusso.
|
| 256 |
|
|
|a Servicio en ln̕ea.
|
| 260 |
|
|
|a Lima :
|b Palestra,
|c 2007.
|
| 300 |
|
|
|a 1 recurso electrn̤ico
|
| 650 |
0 |
4 |
|a Constituciones
|x Legislacin̤
|
| 650 |
0 |
4 |
|a Tribunales constitucionales
|z Amřica Latina
|
| 650 |
0 |
4 |
|a Multiculturalismo
|
| 740 |
0 |
|
|a vLex libros (Servicio en ln̕ea)
|
| 856 |
4 |
0 |
|u http://vlex.com/source/justicia-constitucion-pluralismo-4884
|z Acceso restringido
|
| 942 |
|
|
|c BOOK
|